Oaxaca (Record no. 9725)

MARC details
000 -CABECERA
campo de control de longitud fija 00735nam a2200241 a 4500
001 - NÚMERO DE CONTROL
campo de control BRL_913
005 - FECHA Y HORA DE LA ÚLTIMA TRANSACCIÓN
campo de control 20190320210942.0
008 - DATOS DE LONGITUD FIJA--INFORMACIÓN GENERAL
campo de control de longitud fija 241013s1957----mx-ao#####---#000-0#spa-#
041 ## - CÓDIGO DE LENGUA
Código de lengua del texto/banda sonora o título independiente spa
044 ## - CÓDIGO DEL PAÍS DE LA ENTIDAD EDITORA/PRODUCTORA
Código MARC del país mx
050 #4 - SIGNATURA TOPOGRÁFICA DE LA BIBLIOTECA DEL CONGRESO
Número de clasificación F1391.O12
Número de documento/Ítem .V37 1957
100 1# - ENTRADA PRINCIPAL--NOMBRE DE PERSONA
Nombre de persona Varona, Esteban A. de
9 (RLIN) 879
245 10 - MENCIÓN DE TÍTULO
Título Oaxaca
Mención de responsabilidad, etc. texto y fotografías por Esteban A. de Varona.
260 ## - PUBLICACIÓN, DISTRIBUCIÓN, ETC.
Lugar de publicación, distribución, etc. México, D.F.
Nombre del editor, distribuidor, etc. Unión Gráfica
Fecha de publicación, distribución, etc. 1957
300 ## - DESCRIPCIÓN FÍSICA
Extensión 43 p.
Otras características físicas il., 40 fotografías
Dimensiones 20 cm.
500 ## - NOTA GENERAL
Nota general Au1071
500 ## - NOTA GENERAL
Nota general Estado físico: Lomo desprendido.
500 ## - NOTA GENERAL
Nota general Incluye dedicatoria a Ruth Lechuga
651 #4 - PUNTO DE ACCESO ADICIONAL DE MATERIA--NOMBRE GEOGRÁFICO
Nombre geográfico Oaxaca (México)
Subdivisión general Descripción y viajes
9 (RLIN) 25309
651 #4 - PUNTO DE ACCESO ADICIONAL DE MATERIA--NOMBRE GEOGRÁFICO
Nombre geográfico Oaxaca (México)
Subdivisión general Antigüedades
9 (RLIN) 23825
902 ## - CATALOGADOR
Iniciales GRL
942 ## - ELEMENTOS DE PUNTO DE ACCESO ADICIONAL (KOHA)
Fuente del sistema de clasificación o colocación Library of Congress Classification
Tipo de ítem Koha Libros
Holdings
Estado de retiro Estado de pérdida Estado dañado No para préstamo Localización permanente Ubicación/localización actual Fecha de adquisición Número de inventario Total de préstamos Signatura topográfica completa Código de barras Fecha visto por última vez Precio válido a partir de Tipo de ítem Koha
El ejemplar forma parte de la colección y puede ser consultado según las políticas vigentes.       Biblioteca Centro de Estudios Ruth D. Lechuga Biblioteca Centro de Estudios Ruth D. Lechuga 24/10/2013 Au1071   F1391.O12 .V37 1957 (Au1071) GRL00991 22/03/2019 22/03/2019 Libros